Personnages primordiaux de Ma famille d'abord - Statistiques

Statistiques générales
  • Ce quiz a été pris 217 fois
  • Le résultat moyen est 8 sur 10
Statistiques - réponses
Par images Hint Réponse % Correct
Le fils aîné Junior
99%
La mère Janet
97%
La fille benjamine Kady
96%
La fille cadette Claire
92%
Le père Michael
92%
Petit ami de la fille benjamine Franklin
90%
Petit ami de la fille cadette Tony
80%
Petite amie du fils aîné Vanessa
78%
Beau-père du fils aîné Calvin
50%
Belle-mère du fils aîné Jasmine
24%
Aucun quiz correspondant
Distribution des résultats
% des personnes avec chaque résultat
Percentile par nombre de réponses
Votre historique - résultats
Vous n’avez pas pris ce quiz